Cliquez sur l'élément chimique - Statistiques

Statistiques générales
  • Ce quiz a été pris 124 769 fois
  • Le résultat moyen est 18 sur 24
Statistiques - réponses
Hint Réponse % Correct
Fer Fe
97%
Iode I
89%
Iridium Ir
89%
Titane Ti
89%
Carbone C
87%
Nickel Ni
86%
Platine Pt
86%
Soufre S
86%
Silicium Si
86%
Argon Ar
85%
Calcium Ca
85%
Chrome Cr
85%
Krypton Kr
85%
Phosphore P
84%
Néon Ne
81%
Cuivre Cu
76%
Or Au
68%
Azote N
64%
Argent Ag
56%
Tungstène W
55%
Sodium Na
48%
Mercure Hg
46%
Potassium K
35%
Étain Sn
30%
Aucun quiz correspondant
Distribution des résultats
% des personnes avec chaque résultat
Percentile par nombre de réponses
Votre historique - résultats
Vous n’avez pas pris ce quiz